[Event "Berlin Lichtenberger Sommer 2nd"]
[Site "Berlin"]
[Date "2003.08.24"]
[Round "9.28"]
[White "Strehlow, Horst"]
[Black "Ausan, Leo Tito"]
[Result "1-0"]
[WhiteElo "2040"]
[BlackElo "1903"]
[PlyCount "69"]
[EventDate "2003.08.16"]
[EventType "swiss"]
[EventRounds "9"]
[EventCountry "GER"]
[SourceTitle "EXT 2022"]
[Source "ChessBase"]
[SourceDate "2021.10.06"]
[SourceVersion "1"]
[SourceVersionDate "2021.10.06"]
[SourceQuality "1"]

1. e4 c5 2. Nf3 g6 3. d4 cxd4 4. Nxd4 Nc6 5. Nc3 Bg7 6. Be3 Nf6 7. Bc4 0-0 8. Bb3 Qa5 9. f3 e6 10. Qd2 d5 11. exd5 Nxd5 12. Bxd5 exd5 13. 0-0-0 Be6 14. Kb1 Rfd8 15. Nce2 Qa4 16. Nxc6 bxc6 17. Bd4 c5 18. Bxg7 Kxg7 19. Nf4 Rab8 20. Nxe6+ fxe6 21. b3 d4 22. Qg5 Qc6 23. h4 Qd5 24. Qe7+ Kg8 25. h5 Rd7 26. Qh4 g5 27. Qg3 Rdb7 28. f4 h6 29. fxg5 hxg5 30. Rhe1 Rc8 31. Re5 Qc6 32. Rxg5+ Kh7 33. h6 c4 34. Rg7+ Kh8 35. Qg6 1-0

[Event "Berlin Lichtenberger Sommer 2nd"]
[Site "Berlin"]
[Date "2003.08.18"]
[Round "3.49"]
[White "Goergen, Barbara"]
[Black "Ausan, Leo Tito"]
[Result "1-0"]
[WhiteElo "1619"]
[BlackElo "1903"]
[PlyCount "63"]
[EventDate "2003.08.16"]
[EventType "swiss"]
[EventRounds "9"]
[EventCountry "GER"]
[SourceTitle "EXT 2022"]
[Source "ChessBase"]
[SourceDate "2021.10.06"]
[SourceVersion "1"]
[SourceVersionDate "2021.10.06"]
[SourceQuality "1"]

1. e4 c5 2. c3 e6 3. Nf3 Nc6 4. d4 cxd4 5. cxd4 d5 6. exd5 Qxd5 7. Nc3 Bb4 8. Be2 Nf6 9. 0-0 Bxc3 10. bxc3 0-0 11. h3 Bd7 12. c4 Qa5 13. Be3 Ne7 14. Qb3 Ng6 15. Rac1 Bc6 16. Rfd1 Rfd8 17. Qb2 Rd7 18. a3 Rad8 19. Qb4 Qf5 20. Kf1 h5 21. Ke1 Nf4 22. Bxf4 Bxf3 23. Bxf3 Qxf4 24. Qd2 Qh4 25. Qe3 b6 26. c5 Rxd4 27. Rxd4 Rxd4 28. c6 Nd5 29. Bxd5 exd5 30. c7 Re4 31. c8Q+ Kh7 32. Qf5+ 1-0

[Event "Berlin Lichtenberger Sommer 2nd"]
[Site "Berlin"]
[Date "2003.08.17"]
[Round "2.22"]
[White "Ausan, Leo Tito"]
[Black "Brener, Ilja"]
[Result "0-1"]
[WhiteElo "1903"]
[BlackElo "2107"]
[PlyCount "82"]
[EventDate "2003.08.16"]
[EventType "swiss"]
[EventRounds "9"]
[EventCountry "GER"]
[SourceTitle "EXT 2022"]
[Source "ChessBase"]
[SourceDate "2021.10.06"]
[SourceVersion "1"]
[SourceVersionDate "2021.10.06"]
[SourceQuality "1"]

1. e4 e5 2. Nf3 Nc6 3. Bb5 a6 4. Ba4 Nf6 5. 0-0 Be7 6. Bxc6 dxc6 7. Qe1 Nd7 8. d4 exd4 9. Nxd4 Nf6 10. Nb3 Be6 11. Qe2 0-0 12. Nc3 Bb4 13. Bg5 Bxb3 14. axb3 Qd4 15. Be3 Qd7 16. Rad1 Qe6 17. f3 Rfe8 18. Qf2 Bd6 19. Rfe1 Rad8 20. Rd3 Nd7 21. f4 f6 22. Red1 Re7 23. Qh4 Nc5 24. f5 Qc8 25. R3d2 Rde8 26. Rd4 Be5 27. Rc4 Nd7 28. Bd4 b5 29. Rxc6 Qb7 30. Re6 Rxe6 31. fxe6 Bxd4+ 32. Rxd4 Qb6 33. Qf2 Qxe6 34. Nd5 Qe5 35. Rd3 Nf8 36. Rc3 Ne6 37. Rg3 Ng5 38. Nc3 b4 39. h4 bxc3 40. hxg5 cxb2 41. gxf6 b1Q+ 0-1